000 00639cam a22002293a 4500
001 14006
003 PGUSA
005 20140828083312.0
008 041110s2004||||xxu|||||s|||||000 | eng d
040 _aPGUSA
_beng
042 _adc
050 4 _aPE
100 1 _aSewell, James Witt,
_d1865-1955
245 1 3 _aAn English Grammar
_h[electronic resource] /
_cJames Witt Sewell
260 _bProject Gutenberg,
_c2004
506 _aPublic domain in the USA.
516 _aElectronic text
653 _aEnglish language -- Grammar
830 0 _aProject Gutenberg
_v14006
856 4 0 _uhttp://www.gutenberg.org/ebooks/14006
942 _cEB
999 _c243261
_d243261